Gaming Quiz

Random Gaming or Translation Quiz

Infameous vIDEO Gmae Gramar Misstakes Quiz Stats

 Plays Quiz not verified by Sporcle

Score 0/25 Timer 05:00
0 Plays Today
Quotte Typoe % Correct
'Ouch! What do ___ do?you
73.7%
'I am _____.'Error
71.7%
'All your ____ ___ _____ to us.'base are belong
69.7%
_____ get!Shine
60.6%
'Somebody set __ __ the bomb.'up us
53.5%
A ______ __ youwinner is
50.5%
'I ____ asleep!!'feel
48.5%
'The truck ____ started to move'have
47.5%
______ winnerYou're
42.4%
A year has passed since _____ and Jimmy defeated the shadow warriors.Bimmy
31.3%
'Eastmost __________ is the secret.'penninsula
26.3%
'____!'BARF
23.2%
'__ that really you???'It
19.2%
Quotte Typoe % Correct
______________ !!! You have completed a great game. And _______ the justice of our culture. Now go and rest our heroes!Conglaturation prooved
10.1%
'I never through I'd be ______ over the jungle.'frying
9.1%
'First, attempt to contact _______ our Grey Fox'missing
7.1%
'_____ weight and ride the elevators'loose
5.1%
'_______!'VICTOLY
5.1%
'____ who does not have the Triforce can't go in.'Ones
3%
Push the _____START
3%
'Your fists of evil are about to meet my steel wall of ________'niceness
2%
'Get me ______!'escape
2%
'The barrier ________ me from going there.'privates
1%
“Being the wise and __________ knight that you are you feel ________ welling in your body.”courageour strongth
1%
'Destroy the mother brain the mechanical ____ ____'life vein
0%

You're not logged in!

Compare scores with friends on all Sporcle quizzes.
OR
Log In

You Might Also Like...

Show Comments

Extras

Top Quizzes Today


Score Distribution

Your Account Isn't Verified!

In order to create a playlist on Sporcle, you need to verify the email address you used during registration. Go to your Sporcle Settings to finish the process.

Report this User

Report this user for behavior that violates our Community Guidelines.

Details: